[Event "Wch U14"]
[Site "Oropesa del Mar ESP"]
[Date "1998.??.??"]
[Round "7"]
[White "Glinert, Stephen"]
[Black "Alcazar Jimenez, Jesus Alberto"]
[Result "0-1"]
[WhiteElo "2210"]
[BlackElo "2105"]
[PlyCount "84"]
[EventDate "1998.10.25"]
[EventType "swiss"]
[EventRounds "11"]
[EventCountry "ESP"]
[Source "ChessBase"]
[SourceDate "1999.11.18"]

1. e4 c5 2. Nc3 Nc6 3. g3 g6 4. Bg2 Bg7 5. d3 d6 6. Be3 e5 7. Qd2 Nge7 8. Bh6
O-O 9. Bxg7 Kxg7 10. f4 Nd4 11. Nf3 Nxf3+ 12. Bxf3 Be6 13. O-O f6 14. Nd1 Qd7
15. Ne3 Rae8 16. c3 f5 17. Ng2 Nc6 18. Nh4 exf4 19. gxf4 d5 20. e5 d4 21. c4
Rb8 22. Qg2 Qe7 23. Qg3 Nb4 24. Rad1 b5 25. cxb5 Nxa2 26. Rd2 Kf7 27. Rg2 Rg8
28. Bd1 Rxb5 29. Nf3 Bd5 30. Ng5+ Kg7 31. Bf3 Nb4 32. Kh1 Rb6 33. Rfg1 h6 34.
Nh3 Kh7 35. Nf2 Qb7 36. Bxd5 Nxd5 37. Nd1 Qc6 38. Qh4 Rb3 39. Qg3 c4 40. h3
Rxd3 41. Qh4 Nxf4 42. Nf2 g5 0-1

[Event "Wch U14"]
[Site "Oropesa del Mar ESP"]
[Date "1998.??.??"]
[Round "8"]
[White "Lagowski, Patryk"]
[Black "Glinert, Stephen"]
[Result "0-1"]
[WhiteElo "2070"]
[BlackElo "2210"]
[PlyCount "34"]
[EventDate "1998.10.25"]
[EventType "swiss"]
[EventRounds "11"]
[EventCountry "ESP"]
[Source "ChessBase"]
[SourceDate "1999.11.18"]

1. d4 Nf6 2. c4 g6 3. f3 d5 4. cxd5 Nxd5 5. e4 Nb6 6. Be3 Bg7 7. a3 O-O 8. Qd2
Nc6 9. Nc3 e5 10. d5 Bd7 11. Nge2 Nc4 12. Bg5 f6 13. Qc1 fxg5 14. Nd4 exd4 15.
Bxc4 dxc3 16. d6+ Kh8 17. Qd1 cxb2 0-1

[Event "Wch U14"]
[Site "Oropesa del Mar ESP"]
[Date "1998.??.??"]
[Round "9"]
[White "Glinert, Stephen"]
[Black "Parikh, Valay"]
[Result "0-1"]
[WhiteElo "2210"]
[BlackElo "2125"]
[PlyCount "114"]
[EventDate "1998.10.25"]
[EventType "swiss"]
[EventRounds "11"]
[EventCountry "ESP"]
[Source "ChessBase"]
[SourceDate "1999.11.18"]

1. e4 c6 2. d4 d5 3. exd5 cxd5 4. c4 Nf6 5. Nc3 g6 6. Qb3 Bg7 7. cxd5 O-O 8.
Be2 Nbd7 9. Bf3 Nb6 10. Nge2 Bg4 11. Bxg4 Nxg4 12. O-O Nf6 13. Nf4 Qd6 14. Be3
Rfd8 15. Nb5 Qd7 16. d6 exd6 17. Rac1 Ne8 18. Nxa7 Rxa7 19. Qxb6 Rxa2 20. Nd5
Ra6 21. Qb3 h6 22. Rfe1 Rc6 23. Ra1 Nc7 24. Bxh6 Nxd5 25. Bxg7 Qf5 26. Bh6 Rb6
27. Qg3 Rxb2 28. Bg5 Rc8 29. Be3 Re8 30. Rf1 Re2 31. Rae1 Rxe1 32. Rxe1 Nxe3
33. fxe3 d5 34. Qf3 Qe6 35. Kf2 Qc6 36. h4 Re6 37. Kg1 b5 38. h5 b4 39. Rf1 Qb7
40. hxg6 Rxg6 41. Qf5 Qe7 42. Rf3 Qe6 43. Qf4 Kg7 44. Qc7 Rg4 45. g3 Rg6 46.
Qf4 b3 47. Rf2 Rg4 48. Qf3 Re4 49. Re2 Kf8 50. Kf2 Qh3 51. Kg1 Rg4 52. Kf2 Rg5
53. g4 Qh4+ 54. Qg3 Qxg4 55. Qb8+ Kg7 56. Qf4 Rg6 57. Qe5+ Kh7 0-1

[Event "Wch U14"]
[Site "Oropesa del Mar ESP"]
[Date "1998.??.??"]
[Round "10"]
[White "Soltanici, Ruslan"]
[Black "Glinert, Stephen"]
[Result "1-0"]
[WhiteElo "2055"]
[BlackElo "2210"]
[PlyCount "71"]
[EventDate "1998.10.25"]
[EventType "swiss"]
[EventRounds "11"]
[EventCountry "ESP"]
[Source "ChessBase"]
[SourceDate "1999.11.18"]

1. e4 d6 2. d4 Nf6 3. Bd3 e5 4. c3 Nc6 5. Nf3 g6 6. O-O Bg7 7. dxe5 dxe5 8. Qe2
O-O 9. Rd1 Qe7 10. b4 a6 11. Ba3 b5 12. Bc1 Nh5 13. Qc2 Bg4 14. Nbd2 Nf4 15.
Bf1 f5 16. Re1 Qf6 17. a4 bxa4 18. Rxa4 Kh8 19. h3 Bh5 20. g3 Ne6 21. Bg2 a5
22. b5 Bxf3 23. Nxf3 Ne7 24. exf5 Nxf5 25. Nxe5 Rae8 26. Nd7 Qxc3 27. Qxc3 Bxc3
28. Nxf8 Bxe1 29. Nxe6 Rxe6 30. Bb2+ Ng7 31. Rf4 Re8 32. Rf7 Rg8 33. Rxc7 a4
34. Bd5 Ba5 35. Rd7 a3 36. Ba1 1-0

[Event "North Bay int"]
[Site "North Bay CAN"]
[Date "1998.08.06"]
[Round "3"]
[White "Levtchouk, George"]
[Black "Glinert, Stephen"]
[Result "1-0"]
[WhiteElo "2330"]
[BlackElo "2210"]
[PlyCount "65"]
[EventDate "1998.08.05"]
[EventType "swiss"]
[EventRounds "9"]
[EventCountry "CAN"]
[Source "ChessBase"]
[SourceDate "1998.11.10"]

1. d4 Nf6 2. c4 g6 3. Nc3 d5 4. Nf3 Bg7 5. Qb3 dxc4 6. Qxc4 O-O 7. e4 Na6 8. e5
Nd7 9. e6 fxe6 10. Be3 c5 11. dxc5 Qa5 12. Rc1 Nf6 13. Be2 Nd5 14. Bd2 Nxc3 15.
Bxc3 Bxc3+ 16. Qxc3 Qxc3+ 17. Rxc3 Nb4 18. Bc4 Nd5 19. Rc1 Bd7 20. Ne5 Be8 21.
O-O Rf5 22. Rfe1 Rc8 23. Bd3 Rf8 24. g3 Bf7 25. a3 Rc7 26. Bf1 Rfc8 27. b4 a5
28. Bh3 Rd8 29. Nxf7 Kxf7 30. Bxe6+ Ke8 31. Red1 axb4 32. Bxd5 Rcd7 33. c6 1-0

[Event "North Bay int"]
[Site "North Bay CAN"]
[Date "1998.08.06"]
[Round "4"]
[White "Glinert, Stephen"]
[Black "Yee, Lorne"]
[Result "1/2-1/2"]
[WhiteElo "2210"]
[BlackElo "2263"]
[PlyCount "50"]
[EventDate "1998.08.05"]
[EventType "swiss"]
[EventRounds "9"]
[EventCountry "CAN"]
[Source "ChessBase"]
[SourceDate "1998.11.10"]

1. e4 e6 2. d4 d5 3. Nc3 dxe4 4. Nxe4 Bd7 5. Nf3 Bc6 6. Bd3 Nd7 7. O-O Ngf6 8.
Qe2 Nxe4 9. Bxe4 Bxe4 10. Qxe4 c6 11. Bf4 Be7 12. c4 O-O 13. Rfd1 Re8 14. Qc2
Nf6 15. Be5 h6 16. b3 Qa5 17. Nd2 Rad8 18. Ne4 Nxe4 19. Qxe4 Bd6 20. Bxd6 Rxd6
21. Qe5 Qa3 22. Rd2 Red8 23. Rad1 R6d7 24. Kf1 Qb4 25. Rd3 Qd6 1/2-1/2

[Event "North Bay int"]
[Site "North Bay CAN"]
[Date "1998.08.07"]
[Round "6"]
[White "Glinert, Stephen"]
[Black "Campbell, Brett"]
[Result "1-0"]
[WhiteElo "2210"]
[BlackElo "2200"]
[PlyCount "71"]
[EventDate "1998.08.05"]
[EventType "swiss"]
[EventRounds "9"]
[EventCountry "CAN"]
[Source "ChessBase"]
[SourceDate "1998.11.10"]

1. e4 g6 2. d4 Bg7 3. Be3 c5 4. c3 Nf6 5. Bd3 cxd4 6. cxd4 d6 7. f3 O-O 8. Ne2
Nc6 9. O-O Bd7 10. Nbc3 a6 11. h3 e5 12. d5 Ne7 13. Qb3 Qb8 14. a4 Ne8 15. a5
f5 16. Na4 Bxa4 17. Qxa4 f4 18. Bf2 g5 19. b4 h5 20. b5 g4 21. bxa6 gxf3 22.
gxf3 bxa6 23. Rab1 Qd8 24. Bb6 Qc8 25. Kh2 Nf6 26. Rfc1 Qe8 27. Qxe8 Nxe8 28.
Bf2 Ng6 29. Rb6 Bf6 30. Rxa6 Rxa6 31. Bxa6 Bd8 32. Bb6 Nf6 33. Rc6 Bxb6 34.
axb6 Rd8 35. b7 Ne7 36. Rxd6 1-0

[Event "North Bay int"]
[Site "North Bay CAN"]
[Date "1998.08.08"]
[Round "7"]
[White "Day, Lawrence"]
[Black "Glinert, Stephen"]
[Result "1-0"]
[WhiteElo "2355"]
[BlackElo "2210"]
[PlyCount "70"]
[EventDate "1998.08.05"]
[EventType "swiss"]
[EventRounds "9"]
[EventCountry "CAN"]
[Source "ChessBase"]
[SourceDate "1998.11.10"]

1. e4 d6 2. f4 Nf6 3. Nc3 g6 4. Nf3 Bg7 5. Be2 O-O 6. O-O c6 7. d4 b5 8. e5
dxe5 9. fxe5 Nd5 10. Ne4 Qb6 11. h3 Nd7 12. Kh1 Bb7 13. a4 a6 14. a5 Qc7 15.
Qe1 c5 16. c3 Rac8 17. Bd3 cxd4 18. cxd4 Nb8 19. Bd2 Nc6 20. Rc1 b4 21. Rc5 Qd8
22. Qh4 f6 23. Rfc1 Nxa5 24. Nfg5 fxg5 25. Nxg5 h5 26. Bxg6 Rxc5 27. Rxc5 Rf1+
28. Kh2 Qb8 29. Bh7+ Kh8 30. Be4 Nf6 31. Rxa5 Bxe4 32. Nxe4 Qd8 33. exf6 Qxa5
34. fxg7+ Kg8 35. Qxe7 Qf5 1-0

[Event "North Bay int"]
[Site "North Bay CAN"]
[Date "1998.08.08"]
[Round "8"]
[White "Glinert, Stephen"]
[Black "Calton, Bill"]
[Result "1-0"]
[WhiteElo "2210"]
[BlackElo "2270"]
[PlyCount "45"]
[EventDate "1998.08.05"]
[EventType "swiss"]
[EventRounds "9"]
[EventCountry "CAN"]
[Source "ChessBase"]
[SourceDate "1998.11.10"]

1. e4 e6 2. d4 d5 3. Nc3 Bb4 4. Nge2 f5 5. exd5 exd5 6. a3 Be7 7. Bf4 Nf6 8.
Be5 O-O 9. Nf4 c6 10. Be2 b6 11. O-O Qd7 12. Bf3 Ne4 13. Bxe4 fxe4 14. f3 Ba6
15. Re1 Bg5 16. Nh5 g6 17. fxe4 gxh5 18. Qxh5 Bf6 19. exd5 Bxe5 20. dxe5 Qe8
21. Qg4+ Qg6 22. Qxg6+ hxg6 23. d6 1-0

[Event "North Bay int"]
[Site "North Bay CAN"]
[Date "1998.08.09"]
[Round "9"]
[White "Gardner, Robert"]
[Black "Glinert, Stephen"]
[Result "0-1"]
[WhiteElo "2185"]
[BlackElo "2210"]
[PlyCount "82"]
[EventDate "1998.08.05"]
[EventType "swiss"]
[EventRounds "9"]
[EventCountry "CAN"]
[Source "ChessBase"]
[SourceDate "1998.11.10"]

1. e4 d6 2. g3 Nf6 3. Bg2 g6 4. d3 Bg7 5. f4 O-O 6. Nf3 Nc6 7. Nc3 e5 8. fxe5
dxe5 9. Bg5 h6 10. Be3 Bg4 11. h3 Bxf3 12. Qxf3 Nd4 13. Qf2 c5 14. g4 h5 15.
gxh5 Nxh5 16. O-O-O b5 17. Nd5 b4 18. Bxd4 cxd4 19. Nxb4 Qa5 20. a3 Rab8 21.
Bf3 Bh6+ 22. Kb1 Nf4 23. h4 Qa4 24. h5 g5 25. Qd2 a5 26. b3 Qxa3 27. Nc6 Rb5
28. Bg4 a4 29. b4 Rfb8 30. Nxb8 Rxb4+ 31. Qxb4 Qxb4+ 32. Ka2 Qxb8 33. Rb1 Qc7
34. Rb2 a3 35. Kxa3 Qa5+ 36. Kb3 Bf8 37. c4 Qa3+ 38. Kc2 Qxd3+ 39. Kc1 Ba3 40.
Rhh2 Bxb2+ 41. Rxb2 Qf1+ 0-1

[Event "World op"]
[Site "Philadelphia USA"]
[Date "1998.06.30"]
[Round "4"]
[White "Shliperman, Igor"]
[Black "Glinert, Stephen"]
[Result "1-0"]
[WhiteElo "2425"]
[BlackElo "2180"]
[PlyCount "55"]
[EventDate "1998.06.27"]
[EventType "swiss"]
[EventRounds "9"]
[EventCountry "USA"]
[Source "ChessBase"]
[SourceDate "1998.11.10"]

1. d4 Nf6 2. c4 e6 3. Nc3 d5 4. Bg5 Be7 5. e3 h6 6. Bxf6 Bxf6 7. Nf3 O-O 8. Qc2
b6 9. O-O-O Bb7 10. cxd5 exd5 11. h4 c5 12. dxc5 bxc5 13. Nxd5 Bxd5 14. Bc4 Nd7
15. Rxd5 Rb8 16. b3 Qc7 17. Ng5 Rfe8 18. Nxf7 Kf8 19. Ng5 Ne5 20. Nh7+ Ke7 21.
Nxf6 Kxf6 22. h5 Rbd8 23. f4 Rxd5 24. Bxd5 Nd7 25. Qg6+ Ke7 26. Rd1 Kd8 27. Bc6
Re7 28. Qd6 1-0

[Event "Toronto int."]
[Site "Toronto CAN"]
[Date "1998.05.14"]
[Round "1"]
[White "Khassanov, Marat"]
[Black "Glinert, Stephen"]
[Result "1-0"]
[WhiteElo "2265"]
[BlackElo "2180"]
[PlyCount "111"]
[EventDate "1998.05.14"]
[EventType "swiss"]
[EventRounds "9"]
[EventCountry "CAN"]
[Source "ChessBase"]
[SourceDate "1998.09.09"]

1. Nf3 Nf6 2. g3 d5 3. Bg2 e6 4. c4 Be7 5. b3 O-O 6. Bb2 b6 7. O-O Bb7 8. Qc2
Nbd7 9. cxd5 exd5 10. Nd4 c5 11. Nf5 Re8 12. Nxe7+ Qxe7 13. Re1 Ne5 14. d4 Neg4
15. Bf3 Rac8 16. Qf5 Nh6 17. Qd3 c4 18. Qd1 Ne4 19. Nc3 cxb3 20. Nb5 Nf5 21.
Qxb3 a6 22. Bg4 Qg5 23. Qf3 axb5 24. Bxf5 Rcd8 25. Bc1 Qe7 26. Rb1 b4 27. Qb3
Nc3 28. Rb2 Ba6 29. e3 Qf6 30. Bh3 Bc4 31. Qxb4 Nxa2 32. Qxb6 Rd6 33. Qa7 Nc3
34. Bd2 Ne2+ 35. Kg2 Qg6 36. Rb8 Rdd8 37. Rxd8 Rxd8 38. Kh1 Qe4+ 39. Bg2 Qd3
40. Qa5 Rb8 41. h3 Qf5 42. Qc7 Rc8 43. g4 Qe6 44. Qb7 Rf8 45. Bf3 Qh6 46. Bg2
Nxd4 47. Bb4 Ne6 48. Bxf8 Nxf8 49. Ra1 Qd6 50. Ra8 g6 51. Qb8 Qe7 52. Ra7 Qc5
53. Rc7 Qa3 54. Qe8 Qc1+ 55. Kh2 d4 56. exd4 1-0

[Event "Toronto int."]
[Site "Toronto CAN"]
[Date "1998.05.15"]
[Round "2"]
[White "Glinert, Stephen"]
[Black "Djerkovic, Miladin"]
[Result "1-0"]
[WhiteElo "2180"]
[BlackElo "2265"]
[PlyCount "73"]
[EventDate "1998.05.14"]
[EventType "swiss"]
[EventRounds "9"]
[EventCountry "CAN"]
[Source "ChessBase"]
[SourceDate "1998.09.09"]

1. e4 e5 2. Nf3 Nc6 3. d4 exd4 4. Nxd4 Nf6 5. Nxc6 bxc6 6. Qd4 Be7 7. Nc3 O-O
8. e5 Ne8 9. Be3 d6 10. O-O-O Be6 11. Qa4 Bd7 12. Ba6 c5 13. Qa5 dxe5 14. Bxc5
Bxc5 15. Qxc5 Qg5+ 16. Kb1 Qxg2 17. Nd5 Rb8 18. Ne7+ Kh8 19. Ng6+ hxg6 20.
Qxf8+ Kh7 21. Qxf7 Bf5 22. Qc4 Qxf2 23. Rhf1 Qb6 24. Qh4+ Kg8 25. Bc4+ Be6 26.
Bxe6+ Qxe6 27. Rd8 Rxd8 28. Qxd8 e4 29. a3 Qe5 30. Qa8 g5 31. Re1 e3 32. Qxa7
c5 33. Qa8 g4 34. Qc8 Kf7 35. Qd7+ Kg8 36. Qxg4 Nf6 37. Qg3 1-0

[Event "Toronto int."]
[Site "Toronto CAN"]
[Date "1998.05.15"]
[Round "3"]
[White "Vucic, Mladen"]
[Black "Glinert, Stephen"]
[Result "1-0"]
[WhiteElo "2365"]
[BlackElo "2180"]
[PlyCount "97"]
[EventDate "1998.05.14"]
[EventType "swiss"]
[EventRounds "9"]
[EventCountry "CAN"]
[Source "ChessBase"]
[SourceDate "1998.09.09"]

1. d4 Nf6 2. Nf3 d5 3. c4 e6 4. Nc3 Be7 5. Bg5 O-O 6. e3 h6 7. Bh4 b6 8. Rc1
Bb7 9. Bxf6 Bxf6 10. cxd5 exd5 11. Qb3 Re8 12. Be2 Qd7 13. O-O c6 14. Rfd1 Na6
15. Bf1 Nc7 16. a3 Qe7 17. Na2 Ne6 18. Nb4 Rec8 19. g3 Qd6 20. Na6 Qe7 21. Nb4
Qd6 22. Nd3 Rc7 23. Nf4 Ng5 24. Nxg5 hxg5 25. Nd3 Re8 26. Bg2 Ba6 27. Nb4 Bb7
28. Qa4 Ra8 29. Nd3 Rcc8 30. Rc2 c5 31. Bh3 Rc7 32. dxc5 bxc5 33. Bg2 Bc6 34.
Qa5 c4 35. Nb4 Rd8 36. Rxc4 Rdc8 37. Nxc6 Rxc6 38. Rxd5 Qe6 39. Rxc6 Rxc6 40.
Rd8+ Bxd8 41. Qxd8+ Kh7 42. Bxc6 Qxc6 43. Qd4 f5 44. h4 g4 45. Qc3 Qd5 46. Qc2
a5 47. b4 axb4 48. axb4 Kg6 49. Qb1 1-0

[Event "Toronto int."]
[Site "Toronto CAN"]
[Date "1998.05.16"]
[Round "4"]
[White "Glinert, Stephen"]
[Black "Gandolfi, Fred"]
[Result "0-1"]
[WhiteElo "2180"]
[BlackElo "2210"]
[PlyCount "82"]
[EventDate "1998.05.14"]
[EventType "swiss"]
[EventRounds "9"]
[EventCountry "CAN"]
[Source "ChessBase"]
[SourceDate "1998.09.09"]

1. e4 c5 2. Nc3 g6 3. g3 Bg7 4. Bg2 e6 5. d3 d6 6. Be3 Ne7 7. Qd2 h5 8. Nge2
Nbc6 9. f4 Rb8 10. O-O b6 11. Nd1 Bb7 12. c3 d5 13. Qc2 O-O 14. Nf2 f5 15. Rad1
Qc8 16. h3 Nd8 17. g4 hxg4 18. hxg4 Nf7 19. Ng3 Nh6 20. gxf5 gxf5 21. e5 Ng6
22. Nh3 Nh4 23. Bh1 Kf7 24. Ng5+ Ke7 25. Nh5 Rg8 26. Bf2 Ng6 27. Bg3 Ng4 28.
Nxg7 Rxg7 29. Qd2 d4 30. cxd4 Bxh1 31. Kxh1 cxd4 32. Qb4+ Qc5 33. Qxc5+ bxc5
34. Rc1 Rc8 35. b4 Ne3 36. Rf2 Ng4 37. Rff1 N6xe5 38. fxe5 Rxg5 39. Rf4 Rh8+
40. Kg1 Ne3 41. Rf3 f4 0-1

[Event "Toronto int."]
[Site "Toronto CAN"]
[Date "1998.05.16"]
[Round "5"]
[White "Southam, David"]
[Black "Glinert, Stephen"]
[Result "1-0"]
[WhiteElo "2155"]
[BlackElo "2180"]
[PlyCount "67"]
[EventDate "1998.05.14"]
[EventType "swiss"]
[EventRounds "9"]
[EventCountry "CAN"]
[Source "ChessBase"]
[SourceDate "1998.09.09"]

1. e4 d6 2. d4 Nf6 3. Nc3 g6 4. Bg5 Bg7 5. Qd2 c6 6. f4 Qa5 7. Nf3 Nbd7 8. e5
dxe5 9. dxe5 Nd5 10. Nxd5 Qxd2+ 11. Kxd2 cxd5 12. Bb5 a6 13. Bxd7+ Bxd7 14. Nd4
h6 15. Bh4 g5 16. Bg3 e6 17. Rae1 Ke7 18. Rhf1 f6 19. f5 Bb5 20. Rf2 fxe5 21.
Bxe5 Bxe5 22. Rxe5 Rae8 23. fxe6 Kd6 24. Ref5 Bc6 25. Rf7 Rb8 26. c3 a5 27.
R2f6 Rbe8 28. e7+ Kd7 29. Nf5 d4 30. Rd6+ Kc7 31. Rxd4 Bxg2 32. Nd6 Bh3 33.
Nxe8+ Rxe8 34. Rd8 1-0

[Event "Toronto int."]
[Site "Toronto CAN"]
[Date "1998.05.17"]
[Round "7"]
[White "Gregorz, Ralph"]
[Black "Glinert, Stephen"]
[Result "1-0"]
[WhiteElo "2210"]
[BlackElo "2180"]
[PlyCount "43"]
[EventDate "1998.05.14"]
[EventType "swiss"]
[EventRounds "9"]
[EventCountry "CAN"]
[Source "ChessBase"]
[SourceDate "1998.09.09"]

1. c4 e6 2. Nc3 d5 3. d4 Nf6 4. Nf3 Be7 5. Qc2 O-O 6. e4 dxe4 7. Nxe4 Nbd7 8.
Nxf6+ Nxf6 9. Bd3 c5 10. dxc5 Qa5+ 11. Bd2 Qxc5 12. Bc3 h6 13. O-O b6 14. Ne5
Bb7 15. Rae1 a6 16. Re3 b5 17. b3 bxc4 18. bxc4 Rfd8 19. Rg3 Kf8 20. Re1 Rd6
21. Bg6 fxg6 22. Qxg6 1-0

[Event "CAN-ch U16"]
[Site "Saskatoon CAN"]
[Date "1998.03.23"]
[Round "1"]
[White "Glinert, Stephen"]
[Black "Henson, Joshua"]
[Result "1/2-1/2"]
[WhiteElo "2320"]
[BlackElo "2035"]
[PlyCount "105"]
[EventDate "1998.03.23"]
[EventType "tourn"]
[EventRounds "9"]
[EventCountry "CAN"]

1. e4 e6 2. d4 d5 3. Nc3 Bb4 4. Nge2 dxe4 5. a3 Bxc3+ 6. Nxc3 Nc6 7. Bb5 Nge7
8. Bg5 f6 9. Be3 O-O 10. Qd2 a6 11. Ba4 b5 12. Bb3 Nd5 13. Nxe4 Kh8 14. Nc5
Nxe3 15. fxe3 Qd6 16. O-O Bd7 17. Rad1 Nd8 18. c3 Be8 19. Qf2 e5 20. Bc2 Bf7
21. Qh4 Bg8 22. Nd3 Nc6 23. Rf3 g5 24. Qg4 e4 25. Qxe4 Bd5 26. Qf5 Ne7 27. Qh3
Bxf3 28. Ne5 f5 29. Qxf3 Rae8 30. Bb3 Kg7 31. Qg3 h6 32. h4 g4 33. e4 h5 34.
Qf4 fxe4 35. Qg5+ Ng6 36. Qxh5 Qf6 37. Qxg4 Qf2+ 38. Kh1 Qxh4+ 39. Qxh4 Nxh4
40. Re1 Nf5 41. g4 Nd6 42. Kg2 Rf4 43. Kg3 Ref8 44. Re2 Rf1 45. Bd5 Rb1 46. c4
bxc4 47. Bxc4 Nxc4 48. Nxc4 Rg1+ 49. Kh4 Rf4 50. Ne5 Kh6 51. Rc2 e3 52. Rc6+
Kh7 53. Rxc7+ 1/2-1/2

[Event "CAN-ch U16"]
[Site "Saskatoon CAN"]
[Date "1998.03.23"]
[Round "2"]
[White "Golts, Roman"]
[Black "Glinert, Stephen"]
[Result "1/2-1/2"]
[WhiteElo "2200"]
[BlackElo "2325"]
[PlyCount "110"]
[EventDate "1998.03.23"]
[EventType "tourn"]
[EventRounds "9"]
[EventCountry "CAN"]

1. e4 d6 2. d4 Nf6 3. Nc3 g6 4. g3 Bg7 5. Bg2 O-O 6. Nge2 Nbd7 7. O-O c5 8. d5
a6 9. a4 b6 10. f4 Rb8 11. h3 b5 12. axb5 axb5 13. Qe1 Ne8 14. g4 Nc7 15. f5 b4
16. Nd1 Ne5 17. Qh4 Ba6 18. Rf2 Bxe2 19. Rxe2 Nb5 20. Bh6 Nd4 21. Rf2 f6 22.
Bxg7 Kxg7 23. Ne3 Ra8 24. Rb1 Ra2 25. g5 Qe8 26. gxf6+ exf6 27. Ng4 Nxg4 28.
Qxg4 g5 29. Bf1 h5 30. Qg2 Qb8 31. Bc4 Ra5 32. Qf1 Nb5 33. Qe2 Kh6 34. Rg2 Re8
35. Qe3 h4 36. Rg4 Kh7 37. Kh1 Rg8 38. Rbg1 Qe8 39. Qf2 Rg7 40. Qg2 Qe7 41. Qf2
Nc7 42. Qf3 Ra8 43. c3 Rb8 44. e5 bxc3 45. exf6 Qxf6 46. Qxc3 Qxc3 47. bxc3
Rbg8 48. Bd3 Kh6 49. c4 Rf8 50. Re1 Rff7 51. Re2 Re7 52. Rge4 Rxe4 53. Rxe4 Rf7
54. f6 Kh5 55. Kg2 Rxf6 1/2-1/2

[Event "CAN-ch U16"]
[Site "Saskatoon CAN"]
[Date "1998.03.24"]
[Round "3"]
[White "Glinert, Stephen"]
[Black "Remoroza, Alvin"]
[Result "1-0"]
[WhiteElo "2320"]
[BlackElo "1960"]
[PlyCount "99"]
[EventDate "1998.03.23"]
[EventType "tourn"]
[EventRounds "9"]
[EventCountry "CAN"]

1. e4 c5 2. Nc3 d6 3. g3 Nf6 4. Bg2 g6 5. d3 Bg7 6. Be3 Nc6 7. Qc1 O-O 8. Nge2
e5 9. O-O Nd4 10. f4 Ng4 11. Bd2 Rb8 12. h3 Nf6 13. Rf2 h5 14. Nd1 Be6 15. Ne3
Qd7 16. Kh2 Kh7 17. Qf1 Qe7 18. c3 Nxe2 19. Qxe2 Rh8 20. f5 Bd7 21. Raf1 Rbf8
22. Kg1 Kg8 23. g4 hxg4 24. hxg4 Qd8 25. g5 Nh5 26. f6 Ng3 27. Qf3 Nxf1 28.
Bxf1 Be6 29. fxg7 Kxg7 30. Qf6+ Kg8 31. a3 Rh5 32. Nc2 Bb3 33. Ne1 Be6 34. Nc2
Bb3 35. Ne1 Be6 36. Nf3 b6 37. d4 exd4 38. cxd4 Qxf6 39. gxf6 Bd7 40. Bf4 d5
41. dxc5 bxc5 42. Bd6 Rc8 43. e5 c4 44. Nd4 Rh4 45. e6 Be8 46. Nf3 Rg4+ 47. Bg2
Re4 48. Ne5 Re1+ 49. Kh2 Rd1 50. Nxg6 1-0

[Event "CAN-ch U16"]
[Site "Saskatoon CAN"]
[Date "1998.03.24"]
[Round "4"]
[White "Reddy, Tyler"]
[Black "Glinert, Stephen"]
[Result "0-1"]
[WhiteElo "1935"]
[BlackElo "2320"]
[PlyCount "92"]
[EventDate "1998.03.23"]
[EventType "tourn"]
[EventRounds "9"]
[EventCountry "CAN"]

1. c4 Nf6 2. g3 e6 3. Bg2 d5 4. b3 Be7 5. Nf3 O-O 6. O-O b6 7. Bb2 Bb7 8. Nc3
c5 9. cxd5 exd5 10. d4 Nbd7 11. Rc1 Rc8 12. Re1 Qc7 13. Nb5 Qb8 14. Ne5 Rfd8
15. Nxd7 Nxd7 16. e3 a6 17. Nc3 Nf6 18. Bh3 Rc6 19. Bg2 Rc7 20. Na4 Qa7 21. Ba3
c4 22. Bxe7 Rxe7 23. bxc4 dxc4 24. Bxb7 Rxb7 25. Qe2 b5 26. Nc5 Re7 27. Qf3 Qa8
28. Qxa8 Rxa8 29. e4 Nd7 30. Nb7 Ne5 31. dxe5 Rxb7 32. Red1 Kf8 33. a4 Ke7 34.
Rd4 Rd7 35. Rxd7+ Kxd7 36. Kf1 Kc6 37. axb5+ axb5 38. Ke2 Kc5 39. h4 b4 40. f4
b3 41. Kd2 Rd8+ 42. Kc3 Rd3+ 43. Kb2 Kb4 44. f5 c3+ 45. Kb1 b2 46. Rf1 Kb3 0-1

[Event "CAN-ch U16"]
[Site "Saskatoon CAN"]
[Date "1998.03.25"]
[Round "5"]
[White "Glinert, Stephen"]
[Black "Gottlieb, Jonathan"]
[Result "0-1"]
[WhiteElo "2320"]
[BlackElo "2050"]
[PlyCount "70"]
[EventDate "1998.03.23"]
[EventType "tourn"]
[EventRounds "9"]
[EventCountry "CAN"]

1. e4 c5 2. Nc3 Nc6 3. g3 g6 4. Bg2 Bg7 5. d3 d6 6. Be3 e5 7. Qd2 Nge7 8. Bh6
Bxh6 9. Qxh6 Nd4 10. Qd2 Qa5 11. h3 b5 12. f4 Nec6 13. Nf3 Rb8 14. O-O f6 15.
Qf2 O-O 16. Nh4 Rb7 17. Nd5 Rbf7 18. c3 g5 19. cxd4 gxh4 20. dxc5 hxg3 21.
Qxg3+ Rg7 22. Qe3 Nd4 23. Rac1 Kh8 24. fxe5 Rfg8 25. Rf2 fxe5 26. cxd6 Rg3 27.
Qh6 R3g6 28. b4 Qa3 29. Rxc8 Rxh6 30. d7 Ne6 31. Rf6 Rxf6 32. Nxf6 Rd8 33. Ng4
Qxb4 34. Rc2 Qd6 35. Rf2 Rxd7 0-1

[Event "CAN-ch U16"]
[Site "Saskatoon CAN"]
[Date "1998.03.25"]
[Round "6"]
[White "Hua, Lefong"]
[Black "Glinert, Stephen"]
[Result "1/2-1/2"]
[WhiteElo "2325"]
[BlackElo "2320"]
[PlyCount "74"]
[EventDate "1998.03.23"]
[EventType "tourn"]
[EventRounds "9"]
[EventCountry "CAN"]

1. c4 e6 2. Nc3 d5 3. d4 Nf6 4. cxd5 exd5 5. Bg5 Be7 6. e3 O-O 7. Bd3 Nbd7 8.
Qc2 b6 9. Nge2 Bb7 10. O-O h6 11. Bh4 c5 12. dxc5 bxc5 13. Rfd1 Rc8 14. Bf5 Ra8
15. Bxd7 Qxd7 16. Bxf6 Bxf6 17. Nxd5 Bxd5 18. Nf4 Qb7 19. Nxd5 Qxb2 20. Nxf6+
Qxf6 21. Qxc5 Rac8 22. Qxa7 Rc2 23. e4 Qf4 24. Qd4 Rfc8 25. g3 Qf3 26. Re1 Rb8
27. a4 Rbb2 28. Rf1 Rd2 29. Qc5 Rbc2 30. Qb6 Rb2 31. Qc5 Rbc2 32. Qa7 Qxe4 33.
a5 Ra2 34. a6 Qa4 35. Rxa2 Rxa2 36. Qe7 g6 37. Rb1 Ra1 1/2-1/2

[Event "CAN-ch U16"]
[Site "Saskatoon CAN"]
[Date "1998.03.26"]
[Round "7"]
[White "Glinert, Stephen"]
[Black "Berscheid, Brian"]
[Result "1-0"]
[WhiteElo "2320"]
[BlackElo "1650"]
[PlyCount "81"]
[EventDate "1998.03.23"]
[EventType "tourn"]
[EventRounds "9"]
[EventCountry "CAN"]

1. e4 e5 2. Nf3 Nc6 3. d4 exd4 4. Nxd4 Nf6 5. Nxc6 bxc6 6. Qd4 Be7 7. Nc3 O-O
8. e5 Ne8 9. Be3 d6 10. O-O-O Be6 11. Qa4 Bd7 12. Ba6 Qb8 13. Ne4 d5 14. Nc5
Qd8 15. Bb7 Rb8 16. Qxa7 Bf5 17. Na6 Rxb7 18. Qxb7 Bd7 19. Nc5 Kh8 20. a4 Bxc5
21. Bxc5 Rg8 22. Rhe1 g6 23. e6 fxe6 24. Bd4+ Ng7 25. Be5 c5 26. b3 h6 27. Qxc7
Kh7 28. Qxc5 Nf5 29. f4 Bc8 30. Qc7+ Qxc7 31. Bxc7 Rg7 32. Be5 Rd7 33. Rd3 d4
34. g4 Ne3 35. Rxd4 Nxg4 36. Rxd7+ Bxd7 37. Rd1 Bc6 38. Rd6 Bd5 39. c4 Be4 40.
Rxe6 Nxh2 41. Re8 1-0

[Event "CAN-ch U16"]
[Site "Saskatoon CAN"]
[Date "1998.03.27"]
[Round "9"]
[White "Glinert, Stephen"]
[Black "Nathani, Kaleim"]
[Result "1-0"]
[WhiteElo "2323"]
[BlackElo "1788"]
[PlyCount "35"]
[EventDate "1998.03.23"]
[EventType "tourn"]
[EventRounds "9"]
[EventCountry "CAN"]

1. e4 c5 2. Nc3 Nc6 3. g3 g6 4. Bg2 Bg7 5. d3 d6 6. Be3 e5 7. Qd2 Nge7 8. Bh6
O-O 9. Bxg7 Kxg7 10. f4 Be6 11. Nf3 Rb8 12. O-O b5 13. Nh4 Qd7 14. f5 gxf5 15.
exf5 Nxf5 16. Qg5+ Kh8 17. Nxf5 Rg8 18. Qf6+ 1-0